000 00373nam a22001337a 4500
008 201023b ||||| |||| 00| 0 eng d
082 _aCP-95
100 _aSonyal, Muhammad Sarmad
_951792
245 _aPlain & Reinforced Concrete - 2 CE-310
_bCED-87- (Sec C& D)
260 _aRisalpur,
_bMCE,
_c2020.
300 _a150
526 _a0
_b0
_c0
_dCP_95
942 _2ddc
_cBK
_2ddc
999 _c554342
_d554342